000 00570nam a2200181Ia 4500
999 _c14114
_d14114
003 OSt
005 20201023111636.0
008 190216s9999||||xx |||||||||||||| ||und||
020 _a9780006548133
040 _coclc
082 _a843.914
_bJAP/V
100 _aJaprisot, Sebastien
_95490
245 2 _aA Very Long Engagement /
_cSebastien Japrisot
260 _b Flamingo An Imprint Of Harper Collins Publishers ,
_c1995.
_aLondon:
300 _a312p
650 _aEnglish Novel-English Novel
942 _cBK
_2ddc
_h843.914
_iJAP/V
_k843.914
_mJAP/V